00642nam a22001695i 450000100060000000300090000600500170001500700030003200800410003510000390007624501690011526000720028430000210035665000150037771000570039285200230044954820ES-MaACL20230906163027.0t|960730s1867 sp ||||1| spa d1 aGalán y Sánchez Calvo, Manuel.10aDiscurso leído en la Universidad Central por D. Manuel Galán y Sánchez-Calvo en el acto solemne de recibir la investidura de doctor en la Facultad de Derecho. aMadrid : b[s.n.], c1867 (fEst. tip. de Estrada Díaz y López) a23 p. ; c23 cm. 4aPropiedad.2 aUniversidad Central (Madrid). bFacultad de Derecho.4 aES-MaACLjT-66-F-7